| 000 | 00513nam a22001817a 4500 | ||
|---|---|---|---|
| 003 | NUST - PNEC | ||
| 005 | 20170116180914.0 | ||
| 008 | 150903b xxu||||| |||| 00| 0 eng d | ||
| 020 | _a- | ||
| 040 | _cLIBRARY | ||
| 082 | _a545 VOG | ||
| 100 |
_97331 _aVogel, Arthur I. |
||
| 245 |
_aA text-book of quantitative inorganic analysis : including elementary instrumental analysis _cArthur I. Vogel |
||
| 250 | _a3rd ed. | ||
| 260 | _cc. 1961 | ||
| 650 |
_97337 _aChemistry, Inorganic _xGeneral |
||
| 942 |
_2ddc _cBK |
||
| 999 |
_c65403 _d65403 |
||